| 000 | 01613nam a22003977a 4500 | ||
|---|---|---|---|
| 003 | CHAP | ||
| 005 | 20220329132954.0 | ||
| 008 | 971013s1989 mx r 10010 spa d | ||
| 010 | _a814 | ||
| 011 | _a1786 | ||
| 035 | _a963 | ||
| 040 | _cCHAP | ||
| 082 |
_a630.2515 _bR4 1989 |
||
| 111 | 0 | 0 |
_aReunión Nacional de Agroclimatología ( _n2 _d: 1989 _c: Chapingo, Méx.) _996429 |
| 245 | 1 | _aMemorias | |
| 260 |
_aChapingo, Méx. : _bUACH. Departamento de Irrigación, _c1989 |
||
| 300 | _a489 p. | ||
| 590 |
_aBATCH-UPD _b10 _c20130110 _lUCH01 _h1732 |
||
| 590 |
_aBATCH-UPD _b10 _c20130410 _lUCH01 _h1113 |
||
| 590 |
_aBATCH-UPD _b10 _c20130914 _lUCH01 _h1126 |
||
| 590 |
_aCONVERSION _b10 _c20130109 _lUCH01 _h1302 |
||
| 650 | 1 | 4 |
_aCultivos y clima. _930392 |
| 650 | 1 | 4 |
_aFenología. _940043 |
| 650 | 1 | 4 |
_aMeteorología agrícola. _975217 |
| 710 | 0 |
_aSociedad Mexicana de Agroclimatología. _9108079 |
|
| 901 | _aBK | ||
| 942 | _cLIBRO | ||
| 949 |
_a630.2515 R4 1989 _bBC _cCONG _d-69462 _eCONG _fc.2 _h78094 _i963 _si |
||
| 949 |
_a630.2515 R4 1989 _bBC _cLIBRO _d33724000029930 _eLIBRO _h78093 _i963 _si |
||
| 949 |
_a630.2515 R4 1989 _bBC _cLIBRO _d33724000029948 _eLIBRO _fc.5 _h78539 _i963 _si |
||
| 949 |
_a630.2515 R4 1989 _bBC _cLIBRO _d33724000029955 _eLIBRO _fc.6 _h78540 _i963 _si |
||
| 949 |
_a630.2515 R4 1989 _bBC _cLIBRO _d33724000029963 _eLIBRO _fc.7 _h78541 _i963 _si |
||
| 949 |
_a630.2515 R4 1989 _bBC _cLIBRO _d33724000564175 _eLIBRO _fc.4 _h78538 _i963 _si |
||
| 949 |
_a630.2515 R4 1989 _bBC _cLIBRO _d33724000564183 _eLIBRO _fc.8 _h81803 _i963 _si |
||
| 949 |
_a630.2515 R4 1989 _bBC _cLIBRO _d33724002112884 _eLIBRO _fc.3 _h112271rep. _i963 _si |
||
| 999 |
_c814 _d814 |
||